Sports Quiz

Random Sports or World Quiz
Score 0/31 Timer 10:00
0 Plays Today
% Correct
Michael Schumacher
97.7%
Lewis Hamilton
97.2%
Damon Hill
95.4%
Ayrton Senna
95%
Graham Hill
95%
Phil Hill
93.1%
Alain Prost
92.7%
Fernando Alonso
91.7%
Nigel Mansell
91.3%
Kimi Raikkonen
88.5%
Mika Hakkinen
87.6%
Jenson Button
87.6%
Jackie Stewart
87.2%
Jacques Villeneuve
86.7%
Juan Manuel Fangio
86.7%
Nelson Piquet
82.6%
% Correct
Niki Lauda
82.1%
James Hunt
80.3%
Keke Rosberg
76.6%
Mario Andretti
75.7%
Emerson Fittipaldi
75.7%
Alan Jones
74.8%
Jack Brabham
73.4%
Alberto Ascari
73.4%
Jim Clark
72.9%
Nino Farina
69.7%
Jody Scheckter
68.3%
John Surtees
66.1%
Mike Hawthorn
65.1%
Jochen Rindt
62.8%
Denny Hulme
62.8%

You're not logged in!

Compare scores with friends on all Sporcle quizzes.
OR
Log In

Sporcle TV

Today on Sporcle TV


Watch our educational content, quiz creation guides, and fun videos on Sporcle TV.

Show Comments

Extras

Top Quizzes Today


Score Distribution

Paid Content

Your Account Isn't Verified!

In order to create a playlist on Sporcle, you need to verify the email address you used during registration. Go to your Sporcle Settings to finish the process.

Report this User

Report this user for behavior that violates our Community Guidelines.

Details: